La familia de Pascual Duarte

Guardat en:
Dades bibliogràfiques
Autor principal: Cela, Camilo José (Autor)
Format: Llibre
Idioma:espanyol
Publicat: Barcelona RBA 1991
Col·lecció:Historia de la Literatura
Matèries:
Etiquetes: Afegir etiqueta
Sense etiquetes, Sigues el primer a etiquetar aquest registre!

MARC

LEADER 00000nam a2200000 a 4500
001 UCH1918
003 CL-VaPUC
008 090520e19910000SP |||||||||||||||||spa|d
020 |a 8487634192 
082 0 4 |a 863  |b CEL  |2 21 
100 0 |a Cela, Camilo José  |e author  |9 320105 
245 1 3 |a La familia de Pascual Duarte 
300 |a 164 p 
942 |c BK 
945 |d 20090520 00:00:00  |a rbrito 
260 |a Barcelona  |b RBA  |c 1991 
650 0 |a Novelas españolas  |9 265052 
583 |a last modification  |c 20090520 00:00:00  |k Rodrigo Vera 
490 0 |a Historia de la Literatura 
999 |c 333812  |d 333810 
952 |0 0  |1 0  |4 0  |6 863_000000000000000_CEL_1991  |7 0  |8 R  |9 422439  |a BIBEDU  |b BIBEDU  |c MCIRC  |d 2019-11-22  |i 4552237  |o 863 CEL 1991  |p 4552237  |r 2023-01-13  |w 2019-11-22  |y BK_R  |k EBA